Catálogo

PIPING HANDBOOK (Registro nro. 52182)

Detalles MARC
000 -LEADER
fixed length control field 00895nam a2200193 a 4500
001 - CONTROL NUMBER
control field 52182
005 - DATE AND TIME OF LATEST TRANSACTION
control field 20180714041928.0
008 - FIXED-LENGTH DATA ELEMENTS--GENERAL INFORMATION
fixed length control field 140415s1992 xxu 000 0 eng d
020 ## - INTERNATIONAL STANDARD BOOK NUMBER
International Standard Book Number 0070468818
041 ## - LANGUAGE CODE
Language code of text/sound track or separate title eng
082 ## - DEWEY DECIMAL CLASSIFICATION NUMBER
Classification number 621.8672
Item number NAY
100 1# - MAIN ENTRY--PERSONAL NAME
Personal name NAYYAR, MOHINDER L.
245 10 - TITLE STATEMENT
Title PIPING HANDBOOK
250 ## - EDITION STATEMENT
Edition statement 6a ed.
260 ## - PUBLICATION, DISTRIBUTION, ETC.
Place of publication, distribution, etc. ESTADOS UNIDOS DE AMERICA :
Name of publisher, distributor, etc. MCGRAW-HILL INC.,
Date of publication, distribution, etc. 1992
300 ## - PHYSICAL DESCRIPTION
Extent 622
Dimensions 15.5 x 6.7 x 23.4
520 ## - SUMMARY, ETC.
Summary, etc. WHILE UNDERTAKING THE PREPARATION OF THE SIXTH EDITION OF THE PIPING HANDBOOK, WE PLANNED TO REORGANIZE THE CONTENTS TO TRY TO MEET THE NEEDS OF THE PRESENT AND FUTURE USERS OF THIS HANDBOOK. WE APPLIED OUR ENERGIES TOWARD THIS MAIN OBJECTIVED TO ENHANCE THE UTILITY OF THIS HANDBOOK BY FOCUSING ON APPROACHES DEALING WITH PRACTICAL ASPECTS OF PIPING IN INDUSTRIAL AND COMMERCIAL APPLICATIONS.
650 14 - SUBJECT ADDED ENTRY--TOPICAL TERM
Topical term or geographic name entry element TUBERIAS
General subdivision MANUAL
Existencias
Withdrawn status Lost status Source of classification or shelving scheme Damaged status Not for loan Collection code Home library Current library Shelving location Date acquired Source of acquisition Inventory number Total Checkouts Full call number Barcode Date last seen Price effective from Koha item type
    Dewey Decimal Classification     General Biblioteca Karol Wojtyla Biblioteca Karol Wojtyla Sala general 03/12/2013 Compra 151000000000000000004246   621.8672 NAY 77582 05/01/2026 03/12/2013 Libro